| 000 | 00952nam a2200205 a 4500 | ||
|---|---|---|---|
| 008 | 120416s2000 ||||||||||||||||| || u | ||
| 020 | _a8120309251 | ||
| 050 | _aTK 5105.5 Bla | ||
| 100 | _aBlack, D. Vyless | ||
| 245 | 1 | 0 | _aData communications and distributed networks |
| 250 | _a3rd ed. | ||
| 260 |
_aNew Delhi _bFT Prentice-Hall _c2000 |
||
| 300 | _axvi ; 426p. ;ill | ||
| 350 | _a0.00 | ||
| 650 | _aCOMMUNICATION | ||
| 650 | _aDATA COMMUNICATIONS--NETWORKS | ||
| 995 |
_D20.00 _FCBU-MAIN LIBRARY (Kitwe) _H3 _I20.00 _M3 _UDAMAGED _ZMain Library Open Access Collection |
||
| 995 |
_D0.00 _FCBU-MAIN LIBRARY (Kitwe) _H1 _I20.00 _M1 _UDAMAGED _ZMain Library Open Access Collection |
||
| 995 |
_D0.00 _FCBU-MAIN LIBRARY (Kitwe) _H2 _I20.00 _M2 _UAVAILABLE _WJul 12, 2006 _ZMain Library Open Access Collection |
||
| 999 |
_c62677 _d62677 |
||